[Event "EU-ch U18"]
[Site "Bratislava"]
[Date "2019.08.09"]
[Round "8"]
[White "Kaspar, Lukas"]
[Black "Flajsman, Pavel"]
[Result "0-1"]
[WhiteElo "1800"]
[BlackElo "1870"]
[PlyCount "82"]
[EventDate "2019.08.02"]
[EventType "swiss"]
[EventRounds "9"]
[EventCountry "SVK"]
[SourceTitle "CBM 191 Extra"]
[Source "ChessBase"]
[SourceDate "2019.09.30"]
[SourceVersion "1"]
[SourceVersionDate "2019.09.30"]
[SourceQuality "1"]

1. Nf3 c5 2. g3 Nc6 3. Bg2 g6 4. 0-0 Bg7 5. c4 e5 6. Nc3 Nge7 7. e4 0-0 8. Rb1 d6 9. h3 Be6 10. d3 h6 11. a3 a5 12. Bd2 Rb8 13. Kh2 f5 14. b3 Kh7 15. Qc1 Qd7 16. Nb5 Rf7 17. Qe1 fxe4 18. dxe4 a4 19. Qe2 axb3 20. Rxb3 Nc8 21. Rc1 N8a7 22. a4 Nxb5 23. axb5 Nd4 24. Nxd4 cxd4 25. Ra3 Rc8 26. Bf1 Rcf8 27. Be1 Qc8 28. Rca1 Rc7 29. Ra4 Qe8 30. Bb4 Bxc4 31. Qc2 Bxb5 32. Qxc7 Bxa4 33. Be1 Bc6 34. Qxd6 Bxe4 35. Bc4 Qc6 36. Qb4 Bh1 37. Bf1 Bd5 38. Ra5 Qe6 39. Qb5 Bc6 40. Qb4 Qf5 41. Qc4 Qf3 0-1

[Event "EU-ch U18"]
[Site "Bratislava"]
[Date "2019.08.08"]
[Round "7"]
[White "Varga, Lukas"]
[Black "Kaspar, Lukas"]
[Result "1-0"]
[WhiteElo "2032"]
[BlackElo "1800"]
[PlyCount "59"]
[EventDate "2019.08.02"]
[EventType "swiss"]
[EventRounds "9"]
[EventCountry "SVK"]
[SourceTitle "CBM 191 Extra"]
[Source "ChessBase"]
[SourceDate "2019.09.30"]
[SourceVersion "1"]
[SourceVersionDate "2019.09.30"]
[SourceQuality "1"]

1. e4 e6 2. Qe2 b6 3. g3 Bb7 4. Bg2 Nf6 5. f4 Be7 6. d3 d5 7. e5 Nfd7 8. Nh3 c5 9. 0-0 Nc6 10. Be3 Qc7 11. c4 d4 12. Bf2 0-0 13. Nd2 a6 14. g4 b5 15. Bg3 Na5 16. Rac1 Bxg2 17. Qxg2 Qc6 18. Ne4 bxc4 19. dxc4 Qc7 20. f5 Qd8 21. Nf4 Nxe5 22. f6 gxf6 23. Nh5 Nd7 24. Bh4 Rb8 25. Nexf6+ Nxf6 26. Nxf6+ Kg7 27. Qe4 Rh8 28. Qe5 Nc6 29. Qg5+ Kf8 30. Qh6# 1-0

[Event "EU-ch U18"]
[Site "Bratislava"]
[Date "2019.08.07"]
[Round "6"]
[White "Kaspar, Lukas"]
[Black "Riha, Vojtech"]
[Result "0-1"]
[WhiteElo "1800"]
[BlackElo "2197"]
[PlyCount "66"]
[EventDate "2019.08.02"]
[EventType "swiss"]
[EventRounds "9"]
[EventCountry "SVK"]
[SourceTitle "CBM 191 Extra"]
[Source "ChessBase"]
[SourceDate "2019.09.30"]
[SourceVersion "1"]
[SourceVersionDate "2019.09.30"]
[SourceQuality "1"]

1. Nf3 Nf6 2. g3 d6 3. Bg2 e5 4. d3 Be7 5. 0-0 0-0 6. c4 c6 7. Nc3 Nbd7 8. Bd2 Re8 9. b4 h6 10. Qb3 Bf8 11. a4 a5 12. b5 Qc7 13. Rfc1 Nc5 14. Qc2 Bd7 15. Ra2 g6 16. h3 Bg7 17. Be3 Qc8 18. Kh2 Ne6 19. Qd2 g5 20. Bb6 Nc5 21. Rb1 e4 22. Ne1 Bf5 23. Nd1 exd3 24. exd3 Nfd7 25. Bxa5 Ne5 26. Nb2 Nb3 27. Qb4 Nxa5 28. Qxd6 Naxc4 29. Nxc4 Nxc4 30. Qc5 Ne5 31. a5 Nxd3 32. Nxd3 Bxd3 33. bxc6 Bxb1 0-1

[Event "EU-ch U18"]
[Site "Bratislava"]
[Date "2019.08.03"]
[Round "2"]
[White "Kaspar, Lukas"]
[Black "Chylewski, Patryk"]
[Result "0-1"]
[WhiteElo "1800"]
[BlackElo "2356"]
[PlyCount "78"]
[EventDate "2019.08.02"]
[EventType "swiss"]
[EventRounds "9"]
[EventCountry "SVK"]
[SourceTitle "CBM 191 Extra"]
[Source "ChessBase"]
[SourceDate "2019.09.30"]
[SourceVersion "1"]
[SourceVersionDate "2019.09.30"]
[SourceQuality "1"]

1. b3 d5 2. Bb2 Bg4 3. g3 c6 4. Bg2 Nd7 5. Nf3 Ngf6 6. c4 e6 7. 0-0 Bd6 8. d4 0-0 9. Nc3 Qe7 10. Re1 dxc4 11. bxc4 e5 12. d5 cxd5 13. Nxd5 Nxd5 14. cxd5 Bxf3 15. Bxf3 b5 16. Rc1 Nb6 17. Qb3 Rab8 18. e4 Na4 19. Rc2 a5 20. Be2 Nc5 21. Qe3 b4 22. Rec1 b3 23. axb3 Nxb3 24. Rd1 Bc5 25. Qd3 Qf6 26. Bf1 Rfd8 27. Bc3 a4 28. Qa6 Qf3 29. Qe2 Bxf2+ 30. Qxf2 Qxd1 31. Bxe5 Rbc8 32. Ra2 Rc1 33. Bf4 Ra1 34. Rc2 Qd4 35. Bg5 f6 36. Bf4 Qxe4 37. Rc7 Nd4 38. Be3 Nf3+ 39. Kg2 Nd2+ 0-1

[Event "Klatovy op-B 23rd"]
[Site "Klatovy"]
[Date "2017.07.03"]
[Round "3"]
[White "Svejdar, Pavel"]
[Black "Kaspar, Lukas"]
[Result "0-1"]
[WhiteElo "1581"]
[BlackElo "1764"]
[PlyCount "74"]
[EventDate "2017.07.01"]
[EventType "swiss"]
[EventRounds "9"]
[EventCountry "CZE"]
[SourceTitle "EXT 2018"]
[Source "ChessBase"]
[SourceDate "2017.10.13"]
[SourceVersion "1"]
[SourceVersionDate "2017.10.13"]
[SourceQuality "1"]

1. e4 c5 2. Nf3 Nc6 3. d4 cxd4 4. Nxd4 g6 5. Bc4 Bg7 6. Nxc6 bxc6 7. 0-0 Qc7 8. Qf3 e6 9. Nd2 Ne7 10. Bb3 a5 11. a4 d5 12. c3 0-0 13. Rb1 Bb7 14. Bc2 c5 15. Re1 d4 16. c4 Nc6 17. b3 Nb4 18. Bd3 f5 19. Qe2 Qf7 20. f3 Bh6 21. Ba3 Be3+ 22. Kh1 Na2 23. Bb2 Nb4 24. Ba3 Nxd3 25. Qxd3 Bxd2 26. Qxd2 fxe4 27. fxe4 Bxe4 28. Rbc1 Qf5 29. Kg1 Bb7 30. Rf1 Qe5 31. Rfe1 Qd6 32. Rc2 e5 33. Rf1 Be4 34. Rxf8+ Rxf8 35. Qxa5 d3 36. Bxc5 dxc2 37. Bf2 c1Q+ 0-1

[Event "Klatovy op-B 22nd"]
[Site "Klatovy"]
[Date "2016.07.04"]
[Round "3"]
[White "Bartos, Karel"]
[Black "Kaspar, Lukas"]
[Result "1/2-1/2"]
[WhiteElo "1784"]
[BlackElo "1634"]
[PlyCount "32"]
[EventDate "2016.07.02"]
[EventType "swiss"]
[EventRounds "9"]
[EventCountry "CZE"]
[SourceTitle "EXT 2019"]
[Source "ChessBase"]
[SourceDate "2018.10.10"]
[SourceVersion "1"]
[SourceVersionDate "2018.10.10"]
[SourceQuality "1"]

1. d4 Nf6 2. Nf3 g6 3. c4 Bg7 4. Nc3 d6 5. e4 0-0 6. Be2 Nc6 7. 0-0 e5 8. d5 Nb8 9. h3 a5 10. Be3 Nbd7 11. Qc2 b6 12. a3 Ne8 13. b4 f5 14. Rfe1 f4 15. Bd2 h5 16. g3 g5 1/2-1/2